Paesi più vicini al Lussemburgo - Sprint di un minuto - Statistics

Statistiche generali
  • Questo quiz è stato fatto 65 volte
  • Il punteggio medio è 15 su 20
Statistiche sulle risposte
km paese % Corretto
0 Francia
100%
366 Italia
100%
0 Belgio
98%
0 Germania
98%
64 Paesi Bassi
95%
227 Svizzera
95%
321 Austria
88%
811 Spagna
88%
555 Danimarca
85%
602 Polonia
76%
337 Regno Unito
73%
401 Cechia
71%
338 Liechtenstein
69%
768 Slovacchia
64%
630 Slovenia
64%
641 Monaco
59%
766 San Marino
49%
732 Svezia
47%
767 Ungheria
44%
694 Croazia
34%
Nessun quiz corrispondente trovato
Distribuzione punteggi
Percentuale di utenti per punteggio
Percentile per numero di risposta
I tuoi punteggi nel tempo
Non hai fatto questo quiz